000 00711nam a2200241 a 4500
001 000032176
003 DO-SdBNP
005 20240412074255.0
007 ta
008 110713s1945 dr 000 p spa d
040 _aDO-SdBNP
_bspa
_cBNPHU
082 4 _aRD861.4
_bM843a
_222
100 1 _aMoreno Jimenes, Domingo,
_d1894-1986
_919534
245 1 0 _aAmérica hacia el hombre /
_cD. Moreno Jimenes.
246 0 0 _aPalabras en el agua
260 _aSanto Domingo :
_bColina Sacra,
_c1945.
300 _a[11] p. ;
_c14 cm.
590 _aInventariado, 2019/BT
650 4 _aPoesía dominicana
_977178
650 0 _aLiteratura dominicana.
_967
910 _aValidado. Control de calidad MFF
942 _2ddc
_cLBS1
999 _c31667
_d31667